000 00777nam a2200205 i 4500
001 151302
003 ES-MaACL
005 20250817024655.0
008 931025s1868 sp |||| | spa d
100 1 _aAbout, Edmond,
_d1828-1885
_918117
245 1 3 _aLa nariz de un notario
_b: obra escrita en francés /
_cpor Edmundo About ; traducida por D.R.M.
260 _aMadrid :
_b[s.n.],
_c1868 (
_fImp. de la Biblioteca Universal Económica)
300 _a39 p. ;
_c23 cm.
490 1 _aBiblioteca Económica de Instrucción y Recreo
597 _aTexto a dos col.
830 0 0 _aBiblioteca económica de instrucción y recreo
_9182441
852 _aES-MaACL
_jG-15553(2)
_z-- Enc. hol.
_z.- Legado M. de La Fuente
999 _c151302
_d151302